| 000 | 00358nam a22001457a 4500 | ||
|---|---|---|---|
| 999 |
_c3677 _d3677 |
||
| 003 | Nust | ||
| 005 | 20170105101222.0 | ||
| 008 | 161123b xxu||||| |||| 00| 0 eng d | ||
| 040 | _cloc | ||
| 100 | _4Masood Wahid Awan | ||
| 245 | _aA level mathematics yearly | ||
| 260 |
_aLahore _bHaseeb publications _c2011 |
||
| 300 | _avarious paging | ||
| 942 |
_2ddc _cBK |
||